000 01084namaa22002411 4500
001 173810
003 ES-MaACL
005 20251011165010.0
008 100122s1875 sp |||| | spa d
040 _aSpMaBN
_bspa
_cA2
100 1 _aGranés, Salvador María.
_9127535
245 1 0 _aC de L
_b: zarzuela en un acto /
_cletra de D. Salvador María Granés ; música de D. Manuel Nieto.
250 _a2ª ed.
260 _aMadrid :
_b[s.n.],
_c1875 (
_fImp. de José Rodríguez)
300 _a27 p. ;
_c20 cm.
490 1 _aEl teatro: colección de obras dramáticas y líricas
500 _aEn port.: Representada por primera vez en el Teatro y Circo de Madrid el 10 de setiembre de 1871.
500 _aSolo la letra.
700 1 _aNieto, Manuel,
_d1844-1915
_9130485
830 0 3 _aEl teatro: colección de obras dramática y líricas
_9221753
852 _aES-MaACL
_jF-8616(5)
_z.- Enc. pasta española
_q.- Falto de la cub. original
_z.- Enc. en un vol. facticio formando parte de la col. facticia "Teatro español moderno", vol. 71
999 _c173810
_d173810